00649nam a2200193 a 450000100100000000500170001000800410002704000250006808200210009310000300011424500650014426000680020930000210027749000370029849000170033565000240035265000260037683000530040200002485620200930023418.0100712s1973 ck 000 p spa d aDO-SdBNPbspacBNPHU aCo861.4bC312ó1 aCarranza, Eduardo,d1913-13aEl olvidado y otros poemas :b1952-1972 /cEduardo Carranza. aBogotá, (Colombia) :bInstituto Colombiano de Cultura,c1973. a125 p. ;c17 cm.1 aBiblioteca colombiana de cultura1 aPopularv112 4aPoesía colombiana 4aLiteratura colombiana 0aBiblioteca Colombiana de Cultura,pPopular;v112